Applied fuzzy arthmetic: An introduction with engineering applications (Record no. 165513)

MARC details
000 -LEADER
fixed length control field 00407nam a2200145Ia 4500
008 - FIXED-LENGTH DATA ELEMENTS--GENERAL INFORMATION
fixed length control field 230917s9999||||xx |||||||||||||| ||und||
040 ## - CATALOGING SOURCE
-- 209821
Original cataloging agency VIVEKANANDA LIBRARY
041 ## - Language
-- English
082 ## - DDC NUMBER
Classification number 511.313 H199A
100 ## - MAIN ENTRY--PERSONAL NAME
Personal name Hanss, Michael
245 #0 - TITLE STATEMENT
Title Applied fuzzy arthmetic: An introduction with engineering applications
260 ## - PUBLICATION, DISTRIBUTION, ETC. (IMPRINT)
Place of publication, distribution, etc New Delhi
Name of publisher, distributor, etc springer(India)
Date of publication, distribution, etc 2009
300 ## - PHYSICAL DESCRIPTION
Pages xiii,256 p.
942 ## - ADDED ENTRY ELEMENTS (KOHA)
Koha item type Books
Holdings
Withdrawn status Lost status Damaged status Not for loan Location (home branch) Sublocation or collection (holding branch) Date acquired Koha issues (times borrowed) Koha full call number Accession No. Koha date last seen Koha item type
        VIVEKANANDA LIBRARY VIVEKANANDA LIBRARY 07/02/2011   511.313 H199A 305011 17/09/2023 Books
        VIVEKANANDA LIBRARY VIVEKANANDA LIBRARY 07/02/2011   511.313 H199A 305012 17/09/2023 Books
        VIVEKANANDA LIBRARY VIVEKANANDA LIBRARY 07/02/2011   511.313 H199A 305013 17/09/2023 Books
        VIVEKANANDA LIBRARY VIVEKANANDA LIBRARY 07/02/2011   511.313 H199A 305014 17/09/2023 Books
        VIVEKANANDA LIBRARY VIVEKANANDA LIBRARY 07/02/2011   511.313 H199A 305015 17/09/2023 Books
        VIVEKANANDA LIBRARY VIVEKANANDA LIBRARY 07/02/2011   511.313 H199A 305016 17/09/2023 Books
        VIVEKANANDA LIBRARY VIVEKANANDA LIBRARY 07/02/2011   511.313 H199A 305017 17/09/2023 Books
        VIVEKANANDA LIBRARY VIVEKANANDA LIBRARY 07/02/2011   511.313 H199A 305018 17/09/2023 Books
        VIVEKANANDA LIBRARY VIVEKANANDA LIBRARY 07/02/2011   511.313 H199A 305019 17/09/2023 Books
        VIVEKANANDA LIBRARY VIVEKANANDA LIBRARY 07/02/2011   511.313 H199A 305020 17/09/2023 Books
        VIVEKANANDA LIBRARY VIVEKANANDA LIBRARY 07/02/2011   511.313 H199A 328673 17/09/2023 Books
© Designed and Maintained by Vivekananda Library, MDU Rohtak